Second-language learning and teaching

Gorde:
Xehetasun bibliografikoak
Egile nagusia: Wilkins, D. A (Egilea)
Formatua: Liburua
Hizkuntza:ingelesa
Argitaratua: Londres Edward Arnold 1974
Gaiak:
Etiketak: Etiketa erantsi
Etiketarik gabe, Izan zaitez lehena erregistro honi etiketa jartzen!

MARC

LEADER 00000nam a2200000 a 4500
001 UCQ3632
003 CL-VaPUC
008 980821e19740000UK |||||||||||||||||eng|d
020 |a 0713157593 
082 0 4 |a 407  |b WIL  |2 21 
100 0 |a Wilkins, D. A  |e author  |9 417881 
245 1 0 |a Second-language learning and teaching 
300 |a 86 p 
942 |c BK 
945 |d 19980821 00:00:00  |a crobeson 
260 |a Londres  |b Edward Arnold  |c 1974 
650 0 |a Educación lingüística  |9 306506 
650 0 |a Desarrollo del lenguaje   |9 311270 
650 0 |a Enseñanza de idiomas  |9 339820 
650 0 |a Lenguaje   |9 265069 
650 0 |a Lingüística  |9 265068 
650 7 |a LINGUISTICA DESCRIPTIVA  |2 CL-VaPUC  |9 417882 
583 |a last modification  |c 19980821 00:00:00  |k Rodrigo Vera 
999 |c 274152  |d 274150 
952 |0 0  |1 0  |4 0  |6 407_000000000000000_WIL_1974  |7 0  |8 A  |9 310243  |a BIBEDU  |b BIBEDU  |d 2019-11-20  |i 1456423  |o 407 WIL 1974  |p 1456423  |r 2019-11-20  |w 2019-11-20  |y BK  |k LIT 
952 |0 0  |1 0  |4 0  |6 407_000000000000000_WIL_1974  |7 0  |8 A  |9 310244  |a FDOPOS  |b FDOPOS  |d 2019-11-20  |i 3925110  |o 407 WIL 1974  |p 3925110  |r 2025-01-22  |w 2019-11-20  |y BK  |k MLA 
952 |0 0  |1 0  |4 0  |6 407_000000000000000_WIL_1974  |7 0  |8 A  |9 310245  |a BIBEDU  |b BIBEDU  |d 2019-11-20  |i 4436563  |o 407 WIL 1974  |p 4436563  |r 2019-11-20  |w 2019-11-20  |y BK  |k LIT